பிஸினஸ் மகாமகா ராஐாக்கள்
Saved in:
| Main Author: | |
|---|---|
| Other Authors: | |
| Format: | Book |
| Published: |
சென்னை
குமுதம் புதுத்தகம்
2004
|
| Edition: | pilinas makamaka rajakkal |
| Tags: |
Add Tag
No Tags, Be the first to tag this record!
|
MARC
| LEADER | 00000nam a22000007a 4500 | ||
|---|---|---|---|
| 999 | |c 24407 |d 24407 | ||
| 082 | |a T-926 |b RAN | ||
| 100 | |a ரஞ்சன் |9 61094 | ||
| 245 | |a பிஸினஸ் மகாமகா ராஐாக்கள் | ||
| 250 | |a pilinas makamaka rajakkal | ||
| 260 | |a சென்னை |b குமுதம் புதுத்தகம் |c 2004 | ||
| 300 | |a 120p. |b ill. | ||
| 700 | |a ranjan |9 61095 | ||
| 942 | |c BK | ||